|
|
|
|
| LEADER |
00000nam0a2200000 4500 |
| 001 |
211341 |
| 005 |
20231101225656.0 |
| 010 |
|
|
|a 9780194384254
|
| 035 |
|
|
|a (RuTPU)RU\TPU\book\230862
|
| 035 |
|
|
|a RU\TPU\book\210247
|
| 090 |
|
|
|a 211341
|
| 100 |
|
|
|a 20120313d2011 m y0engy50 ba
|
| 101 |
0 |
|
|a eng
|
| 102 |
|
|
|a GB
|
| 105 |
|
|
|a a j 000zy
|
| 200 |
1 |
|
|a New English File. Elementary
|e Student's Book
|f C. Oxenden, C. Latham-Koenig, P. Seligson
|
| 210 |
|
|
|a Oxford
|c Oxford University Press
|d 2011
|
| 215 |
|
|
|a 160 p.
|c il.
|
| 330 |
|
|
|a The completely new editions of English File 1 and 2, based on the principles that have made English File so popular. Key features 100% new lessons that work, that are fun, and that get students talking. An expanded Vocabulary Bank. A new Grammar Bank section with rules and exercises. Practical English lessons, a focus on functional language supported by the New English File Study Link Videos. The same unequalled level of teacher support. More photocopiable materials for teachers, with an extra grammar and communicative activity for every lesson.
|
| 606 |
1 |
|
|a Английский язык
|x Учебные руководства и пособия
|x Учебные руководства и пособия для высшей школы
|2 stltpush
|3 (RuTPU)RU\TPU\subj\29071
|9 52483
|
| 610 |
1 |
|
|a лексика
|
| 610 |
1 |
|
|a грамматика
|
| 610 |
1 |
|
|a разговорная речь
|
| 610 |
1 |
|
|a упражнения
|
| 686 |
|
|
|a Ш143.21-923
|v LBC/SL-A
|2 rubbk
|
| 700 |
|
1 |
|a Oxenden
|b C.
|g Clive
|
| 701 |
|
1 |
|a Latham-Koenig
|b C.
|g Christina
|
| 701 |
|
1 |
|a Seligson
|b P.
|g Paul
|
| 801 |
|
1 |
|a RU
|b 63413507
|c 20110309
|
| 801 |
|
2 |
|a RU
|b 63413507
|c 20230207
|g RCR
|
| 942 |
|
|
|c BK
|